Normal view
MARC view
- Isalmic Education
Entry Topical Term
001 - CONTROL NUMBER
- control field: 104360
003 - CONTROL NUMBER IDENTIFIER
- control field: NUST
005 - DATE AND TIME OF LATEST TRANSACTION
- control field: 20221207152717.0
008 - FIXED-LENGTH DATA ELEMENTS
- fixed length control field: 221207|| aca||aabn | a|a d
040 ## - CATALOGING SOURCE
- Original cataloging agency: NUST
- Transcribing agency: NUST
150 ## - HEADING--TOPICAL TERM
- Topical term or geographic name entry element: Isalmic Education
670 ## - SOURCE DATA FOUND
- Source citation: Work cat.: (NUST)186292: Bukhari.A.S 8683, Isalmic Education (Dagree Classes) /, 2009
